NBA One Team Players - Statistics

General Stats
  • This quiz has been taken 40 times
  • The average score is 6 of 15
Answers on the Grid
Answers color-coded by a green-red scale on the quiz's grid according to % correct below.
Stephen Curry
Kawhi Leonard
LeBron James
Walker Kessler
Dwight Powell
Cam Whitmore
Tyrese Haliburton
Draymond Green
Jaden Ivey
Obi Toppin
Ochai Agbaji
Immanuel Quickley
Isaiah Hartenstein
Myles Turner
Bilal Coulibaly
James Bouknight
Jayson Tatum
Max Strus
Shaedon Sharpe
Christian Braun
Pacome Dadiet
Lauri Markkanen
Fred Vanvleet
Luguentz Dort
Giannis Antetokounmpo
Keon Ellis
Taylor Hendricks
Lonnie Walker IV
Moritz Wagner
Ashton Hagans
 
Answer Stats
Answer % Correct
Stephen Curry
94%
Draymond Green
84%
Jayson Tatum
65%
Giannis Antetokounmpo
61%
Christian Braun
42%
Walker Kessler
42%
Luguentz Dort
39%
Bilal Coulibaly
32%
Shaedon Sharpe
32%
Jaden Ivey
29%
Keon Ellis
26%
Dwight Powell
23%
James Bouknight
10%
Taylor Hendricks
10%
Pacome Dadiet
6%
No matching quizzes found
Score Distribution
Percent of People with Each Score
Percentile by Number Answered
Your Score History
You have not taken this quiz